History Quiz

Random History or Year Quiz
Score 0/42 Timer 10:00
3 Plays Today
% Correct
Leonard Nimoy
82%
B.B. King
77.2%
Yogi Berra
55.9%
Bobbi Kristina Brown
52.7%
Christopher Lee
44.3%
Lemmy Kilmister
37.9%
Omar Sharif
36.3%
Meadowlark Lemon
34%
Jackie Collins
32.5%
Roddy Piper
29.4%
Ernie Banks
28.4%
Moses Malone
24.2%
Frank Gifford
20.6%
Maureen O'Hara
19%
Dusty Rhodes
17.6%
Beau Biden
16.1%
Scott Weiland
14%
Terry Pratchett
12.6%
Robert Loggia
12.3%
Vincent Margera
10.7%
Ben E. King
10.4%
% Correct
Lesley Gore
9.7%
Wes Craven
9.3%
King Abdullah
9.3%
Roger Rees
9%
David Canary
8.9%
George Cole
7.1%
Bob Simon
6.2%
Yvonne Craig
6.1%
Percy Sledge
5.8%
Alex Rocco
3.6%
James Best
3.1%
Sandy Berger
2.2%
Tyler Sash
2%
George Coe
1.9%
Dickie Moore
1.5%
Mary Ellen Trainor
1.4%
Catherine Coulson
1.4%
Martin E. Brooks
1.3%
Cynthia Robinson
1.1%
Elizabeth Wilson
1.1%
Joan Leslie
1.1%
Remove Ads.
Support Sporcle.
Get the best of Sporcle when you Go Orange. This ad-free experience offers more features, more stats, and more fun while also helping to support Sporcle. Thank you for becoming a member.

You're not logged in!

Compare scores with friends on all Sporcle quizzes.
OR
Log In

Show Comments

Extras

Top Quizzes Today


Score Distribution

Your Account Isn't Verified!

In order to create a playlist on Sporcle, you need to verify the email address you used during registration. Go to your Sporcle Settings to finish the process.

Report this User

Report this user for behavior that violates our Community Guidelines.

Details: